<?xml version="1.0" encoding="UTF-8"?><?xml-stylesheet type="text/xsl" href="static/style.xsl"?><OAI-PMH xmlns="http://www.openarchives.org/OAI/2.0/" xmlns:xsi="http://www.w3.org/2001/XMLSchema-instance" xsi:schemaLocation="http://www.openarchives.org/OAI/2.0/ http://www.openarchives.org/OAI/2.0/OAI-PMH.xsd"><responseDate>2026-04-13T02:35:46Z</responseDate><request verb="GetRecord" identifier="oai:www.recercat.cat:2072/271132" metadataPrefix="marc">https://recercat.cat/oai/request</request><GetRecord><record><header><identifier>oai:recercat.cat:2072/271132</identifier><datestamp>2024-12-11T22:21:37Z</datestamp><setSpec>com_2072_5165</setSpec><setSpec>com_2072_5163</setSpec><setSpec>col_2072_5170</setSpec></header><metadata><record xmlns="http://www.loc.gov/MARC21/slim" xmlns:dcterms="http://purl.org/dc/terms/" xmlns:xsi="http://www.w3.org/2001/XMLSchema-instance" xmlns:doc="http://www.lyncode.com/xoai" xsi:schemaLocation="http://www.loc.gov/MARC21/slim http://www.loc.gov/standards/marcxml/schema/MARC21slim.xsd">
   <leader>00925njm 22002777a 4500</leader>
   <datafield ind2=" " ind1=" " tag="042">
      <subfield code="a">dc</subfield>
   </datafield>
   <datafield ind2=" " ind1=" " tag="720">
      <subfield code="a">Pérez Ràfales, Maria</subfield>
      <subfield code="e">author</subfield>
   </datafield>
   <datafield ind2=" " ind1=" " tag="260">
      <subfield code="c">2017-01-27</subfield>
   </datafield>
   <datafield ind2=" " ind1=" " tag="520">
      <subfield code="a">L’actual Treball de Fi de Grau en Màrqueting i Direcció Comercial exposa la relació entre l’àmbit del màrqueting i una tendència que avui en dia està en ple auge, Big Data (del anglès, les dades massives). En primer lloc, s’ha desenvolupat un marc teòric on s’identifiquen els conceptes tecnològics clau, necessaris per entendre les pràctiques de Big Data. En segon lloc, s’indaga en el fort vincle que hi ha entre el màrqueting i les dades massives, així com en l’important factor de competitivitat que aporten aquestes dades per a qualsevol organització. Així mateix, s’ha adjuntat un cas pràctic d’una empresa on es demostra que, la correcte recol·lecció de dades és una verdadera font d’eficiència i de coneixement sobre el client.</subfield>
   </datafield>
   <datafield ind1="8" ind2=" " tag="024">
      <subfield code="a">http://hdl.handle.net/2072/271132</subfield>
   </datafield>
   <datafield ind2="0" ind1="0" tag="245">
      <subfield code="a">Big data la era del marketing del dato</subfield>
   </datafield>
</record></metadata></record></GetRecord></OAI-PMH>